00877cam a22002411a 4500001001300000003000400013005001700017008004100034010001700075035002000092040005300112042001200165050001500177100004000192245019100232260005400423300002100477500001700498650002700515650002800542650004800570999001700618war11000018 DLC20260227112809.0851031q1911 nyu 000 0 eng c awar11000018  a(OCoLC)12744920 aU.S. Engineer School Libr.cNWMdNWMdOCoLCdDLC apremarc00aHE393b.B61 aBixby, William Herbert,d1849-1928.10aRiver and harbor improvements under the Corps of Engineers, U.S. Army :ban address delivered before the National Rivers and Harbors Congress, held at Washington, D.C., December 8, 1910. a[New York :bEngineering News Pub. Co. ;c1911?]. a[6] p. ;c26 cm. aCover title. 0aRiverszUnited States. 0aHarborszUnited States. 0aInland water transportationzUnited States. c92168d92168